=LDR 00000nam 2200000 4500 =001 INLIS000000000034671 =005 20221021081723 =035 ##$$a 0010-061300000034671 =008 221021################g##########0#ind## =041 ##$$a ind =082 ##$$a 028.5 =090 ##$$a 028.5, Jef,k =100 ##$$a Jeffrey, Gary =245 1#$$a Komik Bencana Alam : $b Tornado dan Badai Super /$c Gary Jeffrey; Alih Bahasa,Joe Lesmana =260 ##$$a Jakarta :$b Elex media koputindo,$c 2007 =300 ##$$a 48 hlm : $b Ilus ; $c 25 cm =650 #4$$a Bacaan Kanak-Kanak =700 #$$a Lesmana Joe =850 ##$$a NBPNMAT =020 ##$$a 978-979-27-6134-4 =084 ##$$a 028.5 JEF k =990 ##$$a 21008954 =990 ##$$a 19841984 =990 ##$$a 21008956 =990 ##$$a 21008954